00602 2200241 4500001002100000005001700021008004100038020001800079035002400097082001000121090001500131100001700146245004900163250001100212260002700223300002300250500002900273650001000302850001200312980001500324985000600339999001500345YOGYA-0209000005362120090227033148.0 ind  a979-547-326-3 0010-020900000053621 a808.9 a808.9bAtm aAtmaja, Jiwa aNovel Eksperimental Putu WijayacJiwa Atmaja aCet. 1 aBandungbAngkasac1993 avii, 96 hlmc21 cm aBibliografi : hlm. 88-91 aFiksi aYOPDYOG a11-12-2007 a1 a95P0069635